| 000 | 00459nam a2200169 a 4500 | ||
|---|---|---|---|
| 001 | 4144 | ||
| 005 | 20140414131936.0 | ||
| 008 | 090317s19uu xx 00 eng d | ||
| 020 | _a8124304319 | ||
| 050 |
_aREF 620.21 _bSe8 1999 |
||
| 245 | _aThe Seven wonders of the modern world. | ||
| 260 |
_aDadar, Mumbai, India : _bNavneet Publication, _c1999. |
||
| 300 | _a32 | ||
| 440 | _aWhat can eye see? | ||
| 650 | _aTechnology-modern world. | ||
| 999 |
_c112439 _d112439 |
||